Folklore in North-East India/ (Record no. 146438)

000 -LEADER
fixed length control field 00327nam a22001217a 4500
082 ## - DEWEY DECIMAL CLASSIFICATION NUMBER
Classification number 398.2
Item number SOU/F
245 ## - TITLE STATEMENT
Title Folklore in North-East India/
Statement of responsibility, etc by Soumen Sen (ed.).
260 ## - PUBLICATION, DISTRIBUTION, ETC. (IMPRINT)
Place of publication New Delhi:
Name of publisher Omsons Publications,
Year of publication 1985.
300 ## - PHYSICAL DESCRIPTION
Number of Pages 233p.
650 ## - SUBJECT ADDED ENTRY--TOPICAL TERM
Topical Term North East India Folklore
700 ## - ADDED ENTRY--PERSONAL NAME
Personal name Soumen Sen (ed.)
942 ## - ADDED ENTRY ELEMENTS (KOHA)
Koha item type Book
Holdings
Withdrawn status Lost status Damaged status Not for loan Permanent Location Current Location Shelving location Date acquired Cost, normal purchase price Full call number Accession Number Price effective from Koha item type
        Sree Sankaracharya University of Sanskrit Sree Sankaracharya University of Sanskrit Stacks 22.01.2019 300.00 398.2 SOU/F 106150 22.01.2019 Book